Administración y dirección técnica de la producción
Պահպանված է:
| Հիմնական հեղինակ: | |
|---|---|
| Ձևաչափ: | Գիրք |
| Լեզու: | իսպաներեն |
| Հրապարակվել է: |
Ciudad de México
Limusa
1991
|
| Հրատարակություն: | 4a. ed |
| Խորագրեր: | |
| Ցուցիչներ: |
Ավելացրեք ցուցիչ
Չկան պիտակներ, Եղեք առաջինը, ով նշում է այս գրառումը!
|
MARC
| LEADER | 00000nam a2200000 a 4500 | ||
|---|---|---|---|
| 001 | UCP4774 | ||
| 003 | CL-VaPUC | ||
| 008 | 990813e19910000MX |||||||||||||||||spa|d | ||
| 082 | 0 | 4 | |a 658.5 |b BUF |2 21 |
| 100 | 0 | |a Buffa, Elwood Spencer |e author |9 432653 | |
| 245 | 1 | 0 | |a Administración y dirección técnica de la producción |
| 250 | |a 4a. ed | ||
| 300 | |a 671 p | ||
| 942 | |c BK | ||
| 945 | |d 19990813 00:00:00 |a vberengu | ||
| 260 | |a Ciudad de México |b Limusa |c 1991 | ||
| 650 | 0 | |a Gestión de la producción |9 259467 | |
| 583 | |a last modification |c 19990813 00:00:00 |k Rodrigo Vera | ||
| 999 | |c 282672 |d 282670 | ||
| 952 | |0 0 |1 0 |4 0 |6 658_500000000000000_BUF_1991 |7 0 |8 A |9 324742 |a BIBALI |b BIBALI |c GEN |d 2019-11-20 |i 2553619 |o 658.5 BUF 1991 |p 2553619 |r 2025-01-20 |w 2019-11-20 |y BK |k ALI | ||
| 952 | |0 0 |1 0 |4 0 |6 658_500000000000000_BUF_1991 |7 0 |8 A |9 324743 |a BIBALI |b BIBALI |c GEN |d 2019-11-20 |i 2553627 |o 658.5 BUF 1991 |p 2553627 |r 2025-01-20 |w 2019-11-20 |y BK |k ALI | ||